01209nam a2200265 i 4500001000700000003000900007005001700016007000300033008004100036080003000077080003000107100003500137245007400172260006000246300005500306490006100361500003800422597015500460600003500615700004100650830006600691852004000757999001900797952012700816177322ES-MaACL20250815121303.0t|110315s1974 sp af ||||1| spa d a74 González, Zacarías a75 González, Zacarías1 aGonzález, Zacarías.95839310aDibujos de Zacarías González / cpor Ángel Rodríguez Sáinz. aMadrid : bIbérico Europea de Ediciones, ccop. 1974. a[40] p. : bprincipalmente il. bl. y n. ; c31 cm.1 aMaestros contemporáneos del dibujo y la pintura ; v31 aEncuadernado con otros títulos. aEn el lomo: Zacarías González, Pedro Gastó, Baeza, Miguel Villà, Benet, García Llort, Joan Brotat, Mariano Peláez, Ginés Parra, Sobrado.04aGonzález, Zacarías.9583931 aRodríguez Sáinz, Ángel914564600aMaestros contemporáneos del dibujo y la pinturav319190405 aES-MaACLjE-14689 (1) xOlim P-1071 c177322d177322 00104070aATENEOMbATENEOMcDEPO2d2011-03-15eCOMl0oE-14689 (1)p1186239r2023-02-23 00:00:00w2023-02-23yMONOGRAFIA